Music Quiz

Random Music Quiz
Score 0/20 Timer 05:00
0 Plays Today
Hint Country % Correct
What ex-Soviet country sang its first entry in national language after 13 years in 2017?Belarus
69.6%
These are five latest years with top five entry: 2013, 2011, 2010, 2001, 2000. Name this country.Denmark
69.6%
I love beyond the ...Bulgaria
65.2%
What country collected just 6 points in 2014 and 15?France
65.2%
What country missed participation in Sweden three times since 2000?Portugal
56.5%
What country missed the 2016 contest for the first time since 2001?Romania
56.5%
What ex-Soviet country finished top ten every year from 2006-10?Armenia
52.2%
Telegram is the song from ...Germany
52.2%
What ex-Yugoslav country held a national every possible year from 1993-2005 and none afterwards?Bosnia and Herzegovina
43.5%
What 1980s debutant country finished just four top fives in history?Cyprus
43.5%
Hint Country % Correct
What country swept all Marcel Bezen├žon Awards in 2010?Israel
43.5%
Harem and hamam were included in what country's MV in 2003?Turkey
43.5%
What country still holds the record for consecutive semi-final eliminations?The Netherlands
39.1%
NTU was the representative TV channel of what country?Ukraine
34.8%
What country won The Barbara Dex Award in 2008?Andorra
30.4%
What country sang in English and Russian in 2009?Lithuania
30.4%
What country finished last twice in the 70s?Malta
30.4%
In 1993, what country finished just one point off qualification to the final?Slovakia
30.4%
What country was the last to use orchestra in a performance?North Macedonia
26.1%
Peret represented what country?Spain
17.4%
Come Together.
Have Fun.
All Virtual.
We all need to come together. Play Sporcle's virtual live trivia to have fun, connect with people, and get your trivia on. Join a live hosted trivia game for your favorite pub trivia experience done virtually. If a virtual private party is more your thing, go here for details.

You're not logged in!

Compare scores with friends on all Sporcle quizzes.
OR
Log In

Sporcle TV

Today on Sporcle TV


Watch our educational content, quiz creation guides, and fun videos on Sporcle TV.

Show Comments

Extras

Created Feb 5, 2020ReportNominate
Tags:Eurovision

Top Quizzes Today


Score Distribution

Paid Content

Your Account Isn't Verified!

In order to create a playlist on Sporcle, you need to verify the email address you used during registration. Go to your Sporcle Settings to finish the process.

Report this User

Report this user for behavior that violates our Community Guidelines.

Details: